banner-ar

كتاب الطبقات / (Record no. 37750)

MARC details
000 -الفاتح
حقل البيانات ثابتة الطول 00741nam a2200217Ia 4500
008 - عناصر البيانات ثابتة الطول - معلومات عامة
حقل البيانات ثابتة الطول 140319s9999 xx 000 0 ara d
040 ## - مصدر الفهرسة
وكالة الفهرسة الأصلية GCL /
وكالة النسخ GCL
082 04 - رقم تصنيف ديوى العشرى
رقم التصنيف 210.92
رقم المادة خ ك
100 1# - المدخل الرئيسى - إسم شخصى
الإسم الشخصى سهيل زكار
245 10 - بيان العنوان
العنوان كتاب الطبقات /
بيان المسئوليه,etc سهيل زكار
700 1# - المدخل الاضافى - اسم شخصى
الإسم الشخصى الازدى، محمد بن احمد بن المطهر
700 1# - المدخل الاضافى - اسم شخصى
الإسم الشخصى خليفة العصفرى : ابو عمرو خليفة بن خياط الشيبانى البصرى
700 1# - المدخل الاضافى - اسم شخصى
الإسم الشخصى التسترى, موسى بن زكاريا بن يحي
300 ## - الوصف المادى
التعداد 764 ص
490 ## - بيان السلسلة
عنوان السلسلة
650 04 - المدخل الاضافى بالموضوع-مصطلح موضوعى
مصطلح موضوعي التراجم
650 04 - المدخل الاضافى بالموضوع-مصطلح موضوعى
مصطلح موضوعي الانساب العربية
650 04 - المدخل الاضافى بالموضوع-مصطلح موضوعى
مصطلح موضوعي الصحابة والتابعون - تراجم
942 ## - عناصر المدخل الإضافي( كوها)
مصدر التصنيف او مخطط الترفيف Dewey Decimal Classification
Koha [default] item type كتاب
Holdings
حالة التراجع حالة الفقد حالة تلف ليس للاعارة المكان المؤقت الموقع الحالى تاريخ الاكتساب اجمالي اﻻعارات رقم الطلب الباركود تاريخ اخر مشاهدة تاريخ تفعيل السعر نوع وعاء كوها
        مكتبة القاهرة الكبرى مكتبة القاهرة الكبرى 03/26/2014   210.92\خ ك 92167 03/26/2014 03/26/2014 كتاب

Powered By

EGPV